00556cam a22001573u 4500082001800000100001700018245003800035260003500073490004600108500003300154650002200187856006100209942000700270999001500277952010600292 a547.13722 HUG1 aHughes, E.D.10aIonisation in Organic Chemistry / aLondonbRoyal Institiutec1959 aLectures Monographs and Reports 1955 No:1 aTitle from content provider. aOrganic chemistry40uhttp://www.columbia.edu/cgi-bin/cul/resolve?clio12060876 cBK c3588d3588 0010708NFICaICbICcGENd2016-09-03l0o547.13722 HUGp001065r2022-11-17 00:00:00w2016-09-03yBK